| 000 | 00743cam5a220020500 4500 | ||
|---|---|---|---|
| 001 | tmp15427258 | ||
| 003 | UPRA | ||
| 005 | 20190815094255.0 | ||
| 008 | 950811s1978 gr eng u | ||
| 035 | _a(Sirsi) r118946 | ||
| 035 | _a(UPRA)tmp15427258 | ||
| 040 | _cUPRA | ||
| 100 | 1 |
_aAllen, Pally R. _6A84202.1 |
|
| 245 | 1 | 4 |
_aThe balance of payments exchange rates and economic policy : _ba survey and synthesis of recent developments / _cby Pally R. Allen and Peter B. Keren. |
| 260 |
_aAthens : _b[Center of Planning and Economic Research], _c1978. |
||
| 490 | 0 |
_aReprints in Reprints in international finance _6S12718.1 |
|
| 650 | 0 |
_aBalance of trade. _6S34018.1 |
|
| 949 |
_aHF1014 _wlcc _i-171213 _mMAIN _tBOOK _lON-SHELF |
||
| 004 | 118946 | ||
| 999 |
_c59376 _d59376 |
||